• 首页
  • 本馆介绍
  • 公告通知
  • 最新文献
  • 馆藏检索
  • 电子资源
  • 读者导购
  • 参考咨询
  • 我的图书馆
  • 登录
  • 详细信息显示
  • 放入我的书架
  • 预约/预借图书
  • 作者相关作品
  • 分类相关作品
  • 丛书相关作品
  • 出版社相关作品

书目信息

  • 表格格式
  • 工作单格式
  • 卡片格式
题名:
生产领域价格概论
    
 
作者: 胡昌暖 主编
分册:  
出版信息: 北京   中国人民大学出版社  1987
页数: 425页
开本: 20cm
丛书名:
单 册:
中图分类: F045.3
科图分类:
主题词: 生产价格--概论 , 社会主义社会--生产方式
电子资源:
ISBN: 7-300-00163-7
000 00636nam0 2200229 45
001 0187003356
005 20060809145736.50
010    @a7-300-00163-7@dCNY3.20
100    @a19900808d1987 em y0chiy0121 ea
101 0  @achi
102    @aCN@b110000
105    @ay z 000yy
200 10 @a生产领域价格概论@Asheng chan ling yu jia ge gai lun@f胡昌暖主编
210    @a北京@c中国人民大学出版社@d1987
215    @a425页@d20cm
606    @a生产价格@x概论
606 0  @a社会主义社会@x生产方式
690    @aF045.3@v3
701  0 @a胡昌暖@Ahu chang nuan@4主编
801  2 @aCN@bNLC@c20060809
801  0 @aCN@bTSSF
905    @a10447@dF045.3@e99
    
    生产领域价格概论/胡昌暖主编.-北京:中国人民大学出版社,1987
    425页;20cm
    
    
    ISBN 7-300-00163-7:CNY3.20
    
●
相关链接 在E读中查询图书 在五车中查询图书 在当当中查询图书 在豆瓣中查询图书


正题名:生产领域价格概论     索取号:F045.3/99         预约/预借

序号 登录号 条形码 馆藏地/架位号 状态 备注
1 0447949   204479493   密集书库/ [索取号:F045.3/99] 在馆    
2 0447950   204479509   密集书库/ [索取号:F045.3/99] 在馆    
唐山师范学院图书馆 欢迎您!
大连网信软件有限公司© 版权所有